Chinese cosmographical thought : the high intellectual tradition

Bibliographic Details
Published in:The history of cartography, J.B. Harley and David Woodward, Chicago [etc.], p. 203-227 (2)
Main Author: Henderson, John B.
Content type: Article
Published: 1994
Source:MPIPL_cat

MARC

LEADER 00000naa a2200000 u 4500
001 PL0063299
003 PLI01000000000000000061527
005 00000000000000.0
008 ||| u
100 1 |a Henderson, John B. 
245 0 0 |a Chinese cosmographical thought  |b the high intellectual tradition  |c John B. Henderson 
260 |c 1994 
773 0 8 |t The history of cartography  |a J.B. Harley and David Woodward  |k 2  |d Chicago [etc.]  |g p. 203-227  |w MPIPL_cat.PL0063291  |z 0-226-31637-8  |i In: 
952 |h p. 203-227 
996 |a Aufsatz 
997 |a book chapter